Forma de Países Unidos #1 - Estadísticas

Estadísticas generales
  • Esta prueba ha sido intentada 4.985 veces
  • La puntuación promedio es 31 de 40
Estadísticas de respuestas
País % Correcto
España
98%
Suecia
97%
Finlandia
96%
Portugal
96%
Alemania
91%
Dinamarca
90%
Austria
89%
Sudáfrica
89%
Croacia
88%
Laos
87%
Suiza
87%
Camboya
85%
Panamá
85%
Serbia
85%
Birmania
84%
Mozambique
84%
Somalia
83%
Bangladés
82%
Costa Rica
82%
Etiopía
82%
Libia
81%
Sudán
80%
Túnez
80%
Corea del Norte
79%
Corea del Sur
79%
Sudán del Sur
78%
Haití
76%
República Dominicana
75%
Eslovaquia
73%
República Checa
73%
Colombia
65%
Venezuela
65%
Polonia
62%
Bielorrusia
60%
Bolivia
59%
Paraguay
59%
Kenia
56%
Tanzania
55%
Kirguistán
54%
Tayikistán
54%
No se encontraron pruebas coincidentes
Distribución de puntuación
Porcentaje de gente con cada puntuación
Porcentaje por número respondido
Historial de tus puntuaciones
No has intentado esta prueba.